| 000 | 01754cam a22004574a 4500 | ||
|---|---|---|---|
| 999 |
_c853 _d853 |
||
| 001 | 14180204 | ||
| 003 | OSt | ||
| 005 | 20210621101415.0 | ||
| 008 | 051122s2007 pauab 001 0 eng | ||
| 010 | _a 2005034409 | ||
| 016 | 7 |
_a101262267 _2DNLM |
|
| 020 | _a0781753422 | ||
| 020 | _a9780781753425 | ||
| 035 | _a(OCoLC)ocm62342789 | ||
| 040 |
_aDNLM/DLC _cDLC _dNLM _dC#P _dBAKER _dDLC |
||
| 050 | 0 | 0 |
_aQR46 _b.M463 2007 |
| 060 | 1 | 0 |
_aQW 700 _bS293 2007 |
| 082 | 0 | 0 |
_a616.9/041 _222 |
| 100 | _aEngleberg, Cary N. | ||
| 245 | 0 | 0 |
_aSchaechter's mechanisms of microbial disease / _c[edited by] N. Cary Engleberg, Victor DiRita, Terence S. Dermody. |
| 250 | _a4th ed. | ||
| 260 |
_aPhiladelphia : _bLippincott Williams & Wilkins, _cc2007. |
||
| 300 |
_axxi, 762 p. : _bill. (chiefly col.), col. maps ; _c28 cm. |
||
| 500 | _aRev. ed. of: Mechanisms of microbial disease / edited by Moselio Schaechter. 3rd ed. c1998. | ||
| 500 | _aIncludes index. | ||
| 650 | 0 | _aMedical microbiology. | |
| 650 | 0 |
_aCommunicable diseases _xPathogenesis. |
|
| 650 | 1 | 2 |
_aCommunicable Diseases _xmicrobiology. |
| 650 | 2 | 2 |
_aBacteria _xpathogenicity. |
| 650 | 2 | 2 |
_aCommunicable Diseases _xphysiopathology. |
| 650 | 2 | 2 |
_aFungi _xpathogenicity. |
| 650 | 2 | 2 |
_aViruses _xpathogenicity. |
| 700 | 1 | _aDiRita, Victor J. | |
| 700 | 1 | _aDermody, Terence. | |
| 730 | 0 | _aMechanisms of microbial disease. | |
| 856 | 4 | 1 |
_3Table of contents only _uhttp://www.loc.gov/catdir/toc/ecip064/2005034409.html |
| 856 | 4 | 2 |
_3Publisher description _uhttp://www.loc.gov/catdir/enhancements/fy0712/2005034409-d.html |
| 906 |
_a7 _bcbc _corignew _d1 _eecip _f20 _gy-gencatlg |
||
| 942 |
_2lcc _cBK _nMM |
||